India : paths to development
Αποθηκεύτηκε σε:
| Κύριος συγγραφέας: | |
|---|---|
| Μορφή: | Βιβλίο |
| Γλώσσα: | English |
| Δημοσίευση: |
Oxford :
Oxfam,
1993
|
| Σειρά: | Oxfam country profile
|
| Θέματα: | |
| Ετικέτες: |
Προσθήκη ετικέτας
Δεν υπάρχουν, Καταχωρήστε ετικέτα πρώτοι!
|
MARC
| LEADER | 00000nam a2200000 i 4500 | ||
|---|---|---|---|
| 001 | 1/94875 | ||
| 008 | 991130s1993 eng d | ||
| 020 | |a 0855982241 | ||
| 035 | |l 10055033 | ||
| 040 | |a GR-MY-UA |b gre |e aacr | ||
| 041 | 0 | |a eng | |
| 082 | 0 | |a 338.954 | |
| 100 | 1 | |a Mosse, Julia Cleves. | |
| 245 | 1 | 0 | |a India : |b paths to development / |c Julia Cleves Mosse |
| 260 | |a Oxford : |b Oxfam, |c 1993 | ||
| 300 | |a 64 p. |b ill. | ||
| 490 | 1 | |a Oxfam country profile | |
| 651 | 0 | |a India |x Economic policy |y 1947- | |
| 651 | 0 | |a India |x Politics and government |y 1947- | |
| 651 | 0 | |a India |x Social policy. | |
| 651 | 0 | |a India |x Economic conditions |y 1947- | |
| 651 | 0 | |a India |x Social conditions |y 1947- | |
| 830 | 0 | |a Oxfam country profile | |
| 852 | |a INST |b LESVOS |e 19991130 |h 338.954 MOS |p 005100024057 |q 005100024057 |t BK |y 0 | ||
| 901 | |a BIBL1-2000-2 | ||
| 909 | |a Λ |b 070202 | ||
| 922 | |a 1ΕΛΗ |b 199911 |c ΚΠΣ/ΤΓ |d LEADER | ||
| 950 | |a 118-1999-09-03 | ||
| 970 | |z 2000/04/ΜΙΧΑΗΛΙΔΟΥ ΑΝΝΑ | ||